Вопросы социальной психологии: Теоретические очерки

Bibliographic Details
Main Author: Ощепкова А. П. Александра Павловна
Other Authors: Рыкун Р. О. Римма Олеговна
Language:Russian
Published: Томск, Изд-во ТГУ, 1981
Subjects:
Format: Book
KOHA link:https://koha.lib.tpu.ru/cgi-bin/koha/opac-detail.pl?biblionumber=20897

MARC

LEADER 00000nam0a2200000 4500
001 20897
005 20231030192301.0
035 |a (RuTPU)RU\TPU\book\21087 
035 |a BOOK00005776 
090 |a 20897 
100 |a 20011209d1981 k y0rusy50 ca 
101 0 |a rus 
102 |a RU 
105 |a y z 000zy 
200 1 |a Вопросы социальной психологии  |e Теоретические очерки  |f А. П. Ощепкова, Р. О. Рыкун 
210 |a Томск  |c Изд-во ТГУ  |d 1981 
215 |a 140 с. 
610 1 |a психология 
610 1 |a общение 
610 1 |a коллектив 
610 1 |a семья 
610 1 |a личность 
686 |a Ю95  |v LBC/SL-A  |2 rubbk 
700 1 |a Ощепкова  |b А. П.  |g Александра Павловна 
701 1 |a Рыкун  |b Р. О.  |g Римма Олеговна 
801 0 |a RU  |b 63413507  |c 20011209  |g PSBO 
801 2 |a RU  |b 63413507  |c 20160331  |g PSBO 
942 |c BK